Papers of John L. Lewis : guide to a microfilm edition /

Bibliographic Details
Main Author: McKay, Eleanor, 1946-
Other Authors: Lewis, John L. (John Llewellyn), 1880-1969
Format: Book
Language:English
Published: Madison : State Historical Society of Wisconsin, 1970
Series:Guides to historical resources.
Subjects:

MARC

Tag First Indicator Second Indicator Subfields
LEADER 00000cam a22000007a 4500
001 in00000756608
005 20151017050607.0
008 780505s1970 xx 00000 eng d
035 |a (OCoLC)03865438 
035 |9 ADK1420AM 
040 |a GSU  |c GSU  |d m.c.  |d m/c  |d TXA  |d UtOrBLW 
049 |a TXAI  |c [A11742175] 
050 4 |a Z6616.L59  |b M24 1970 
100 1 |a McKay, Eleanor,  |d 1946- 
245 1 0 |a Papers of John L. Lewis :  |b guide to a microfilm edition /  |c edited by Eleanor McKay. 
264 1 |a Madison :  |b State Historical Society of Wisconsin,  |c 1970 
264 3 |c 1976 printing 
300 |a 12 pages 
336 |a text  |b txt  |2 rdacontent 
337 |a unmediated  |b n  |2 rdamedia 
338 |a volume  |b nc  |2 rdacarrier 
490 1 |a Guides to historical resources 
504 |a Bibliography: page 8. 
600 1 0 |a Lewis, John L.  |q (John Llewellyn),  |d 1880-1969  |x Archives. 
610 2 0 |a United Mine Workers of America  |x History  |x Sources  |x Bibliography. 
700 1 |a Lewis, John L.  |q (John Llewellyn),  |d 1880-1969.  |t John L. Lewis papers, 1879-1969. 
830 0 |a Guides to historical resources. 
999 |a MARS 
999 f f |s 74f40100-7b1b-348b-9143-6201236045f7  |i daa81d30-6b24-3679-af99-0ed8bfbdf9ca  |t 0 
952 f f |p 4_hour  |a Texas A&M University  |b College Station  |c Sterling C. Evans Library  |d Evans: Microforms Reference (3rd floor)  |t 0  |e Z6616.L59 M24 1970  |h Library of Congress classification  |i unmediated -- volume  |m A14811742175 
998 f f |a Z6616.L59 M24 1970  |t 0  |l Evans: Microforms Reference (3rd floor)